000 01185nam a2200337 4500
003 EG-GICUC
005 20260204075151.0
008 260121s19992000ua ||||fr|||| 00| 0 ara d
017 _a1999/1352
020 _a977-19-9535-9
040 _a EG-GICUC
_bara
_c EG-GICUC
_d EG-GICUC
_erda
041 0 _aara
082 0 4 _221
_a345.435
_bز ك . د
092 0 4 _221
099 _aLaw1 07 345.435 ز ك . د 2000
100 0 _aزكريا المصري
_eمؤلف.
245 1 0 _aديمقراطية دول العالم الثالث في ظل عالم متغير /
_cدكتور زكريا المصري
264 _a[اسم الناشر غير معروف]
_b[مكان النشر غير معروف]
_c2000.
300 _a125؛صفحة
_c24 سم
336 _2rda content
_atext
337 _2rda media
_aComputer
338 _2rda carrier
_aOnline Resource
504 _a. 125-118ببليوجرافيا: صفحات.
546 _aالنص باللغة العربية
650 1 _aالقانون الإداري
_2qrmak
650 1 _aالاحزاب
651 1 _2qrmak
856 4 0 _uhttps://fll.law.cu.edu.eg/fulltext/bks/B07-01201.pdf
905 _a74
942 _2ddc
_n0
_cBK
_e21
999 _c58338
_d58338